000 00604nam a2200181Ia 4500
008 090630s9999 xx 000 0 und d
082 _b4297
100 _aजोशी प्र. न.
245 _aजुने दोरे नवे धागे.
_cजोशी प्र. न.
260 _bप्रसाद.
_c1972
300 _a176
600 _aजोशी प्र. न.
630 _aजुने दोरे नवे धागे.
655 _aइतर.
700 _aजोशी प्र. न.
730 _aजुने दोरे नवे धागे.
942 _cBOOK
999 _c256153
_d256153